000 00870cam a2200277 i 4500
001 453
003 CO-MdBIC
005 20231123083156.0
008 231123t1983 enk ||g |||| 00| 0 eng d
020 _a0-8028-1995-8
040 _beng.
_aCO-MdFUSB
_cCO-MdFUSB
_dCO-MdFUSBC
_erda
041 _aeng
082 0 4 _aG 230.3 P7699w
100 1 _aPolkinghorne, John C. (1930-)
245 1 0 _aThe way the world is : The christian perspective of a scientist / John Polkinghorne
_c/
264 _aGrand Rapids, MI., USA:
_bWm. B. Eerdmans Publishing Company,
_c[1983]
264 _c©1983
300 _a130 Pág.
_c;
336 _atexto
_btxt
_2rdacontent
337 _2rdamedia
_asin mediación
_bn
338 _2rdacarrier
_avolumen
_bnc
650 1 4 _aRELIGION Y CIENCIA \ APOLOGETICA
653 _aRELIGION Y CIENCIA \ APOLOGETICA
942 _cBK
945 _aDiego1276
999 _c31978
_d31978